| 000 | 00825nam a2200253Ia 4500 | ||
|---|---|---|---|
| 003 | OSt | ||
| 005 | 20221005113355.0 | ||
| 006 | a|||||r|||| 00| 0 | ||
| 007 | ta | ||
| 008 | 221004b |||||||| |||| 00| 0 pan d | ||
| 020 |
_a9789380672779 _cIndian Rupees 170.00 |
||
| 024 | _a28007 | ||
| 037 |
_bGift, 04/11/2016, _cTextual |
||
| 040 |
_aCRL _cCRL _bpan |
||
| 041 |
_2pan _apan |
||
| 082 | _aO153,1x, Q6 | ||
| 100 | _aਨਿਤਨੇਮ ਸਿੰਘ | ||
| 245 | 0 | _aਦੋਹਿਆਂ ਦੇ ਪੂਰ | |
| 260 |
_aਮਾਨਸਾ _bਉਡਾਨ ਪਬਲੀਕੇFਨਗ਼ ਭਾਰਤ _c2016 |
||
| 300 |
_a103ਪ੍ਰ0 _ccm. |
||
| 650 | _aਪੰਜਾਬੀ ਸਾਹਿਤ | ||
| 942 |
_hO153,1x, Q6 _cTEXL _2cc |
||
| 999 |
_c1027964 _d1027964 |
||